[Event "Foment Martinenc op-A 16th"]
[Site "Barcelona"]
[Date "2014.06.21"]
[Round "9"]
[White "Alvarez Albiol, Victor"]
[Black "Echarri Torres, Miguel"]
[Result "0-1"]
[WhiteElo "1646"]
[BlackElo "2042"]
[PlyCount "60"]
[EventDate "2014.04.26"]
[EventType "swiss"]
[EventRounds "9"]
[EventCountry "ESP"]
[SourceTitle "EXT 2015"]
[Source "ChessBase"]
[SourceDate "2014.11.20"]
[SourceVersion "1"]
[SourceVersionDate "2014.11.20"]
[SourceQuality "1"]

1. e4 c5 2. Nf3 e6 3. d4 cxd4 4. Nxd4 a6 5. Nc3 Qc7 6. Bd3 Nf6 7. f4 b5 8. a3 Bb7 9. g4 d6 10. g5 Nfd7 11. Qe2 Nc6 12. Nxc6 Bxc6 13. Bd2 Be7 14. 0-0-0 Nc5 15. Kb1 Qb7 16. Rhf1 Nxd3 17. cxd3 a5 18. Ka2 b4 19. Nb1 d5 20. f5 dxe4 21. fxe6 Bd5+ 22. Ka1 bxa3 23. exf7+ Bxf7 24. bxa3 Qb3 25. Bc3 0-0 26. dxe4 Bxa3 27. e5 Bb4 28. Qb2 Qa4+ 29. Na3 Bxa3 30. Qe2 Bb2+ 0-1

[Event "Foment Martinenc op-A 16th"]
[Site "Barcelona"]
[Date "2014.05.31"]
[Round "6"]
[White "Echarri Torres, Miguel"]
[Black "Fernandez Pena, Pere Emilio"]
[Result "0-1"]
[WhiteElo "2042"]
[BlackElo "2181"]
[PlyCount "82"]
[EventDate "2014.04.26"]
[EventType "swiss"]
[EventRounds "9"]
[EventCountry "ESP"]
[SourceTitle "EXT 2015"]
[Source "ChessBase"]
[SourceDate "2014.11.20"]
[SourceVersion "1"]
[SourceVersionDate "2014.11.20"]
[SourceQuality "1"]

1. c4 b6 2. Nf3 e6 3. g3 Bb7 4. Bg2 f5 5. 0-0 Nf6 6. Nc3 Bb4 7. Qc2 0-0 8. d3 Qe8 9. a3 Bxc3 10. Qxc3 d6 11. b4 Nbd7 12. Bb2 Qh5 13. e4 e5 14. Nd2 Ng4 15. h3 Nh6 16. d4 f4 17. g4 Qg6 18. dxe5 Nxe5 19. f3 Nhf7 20. Kf2 Qh6 21. Rh1 Qh4+ 22. Ke2 Rae8 23. Rae1 Re7 24. Kd1 a5 25. Nb3 axb4 26. axb4 c5 27. b5 Bc8 28. Bf1 Be6 29. Be2 Ra7 30. Reg1 Ra4 31. Nd2 Rfa8 32. Kc1 Qf2 33. Bd1 Bxc4 34. Bxa4 Rxa4 35. Kb1 Bd3+ 36. Kc1 Bxb5 37. Rf1 Bxf1 38. Rxf1 Qe3 39. Qxe3 fxe3 40. Nb1 e2 41. Re1 Nd3+ 0-1

[Event "Barcelona Tupinamba op 9th"]
[Site "Barcelona"]
[Date "2014.05.14"]
[Round "9"]
[White "Echarri Torres, Miguel"]
[Black "Torrents Ledewig, Miguel"]
[Result "1-0"]
[WhiteElo "2163"]
[BlackElo "2039"]
[PlyCount "127"]
[EventDate "2014.03.12"]
[EventType "swiss"]
[EventRounds "9"]
[EventCountry "ESP"]
[SourceTitle "EXT 2016"]
[Source "ChessBase"]
[SourceDate "2015.10.08"]
[SourceVersion "1"]
[SourceVersionDate "2015.10.08"]
[SourceQuality "1"]

1. d4 d5 2. Nf3 Nf6 3. c4 e6 4. g3 Be7 5. Bg2 0-0 6. 0-0 c6 7. Qc2 dxc4 8. Qxc4 b5 9. Qc2 Bb7 10. Bf4 Nbd7 11. Nbd2 Qb6 12. a4 a5 13. Nb3 Rfc8 14. e4 bxa4 15. Rxa4 Nxe4 16. Nxa5 Rxa5 17. Rxa5 Qxa5 18. Qxe4 Nf6 19. Qb1 c5 20. Bd2 Ba8 21. Qd1 cxd4 22. Bf4 d3 23. Nh4 Bxg2 24. Nxg2 Qa6 25. Re1 Bb4 26. Bd2 Bxd2 27. Qxd2 Qb5 28. Nf4 Rd8 29. Re3 h6 30. Rxd3 Rxd3 31. Nxd3 Nd5 32. Qc2 Qa6 33. Ne5 Qa1+ 34. Kg2 Qa8 35. Qc6 Qxc6 36. Nxc6 Kf8 37. Kf3 f5 38. Ke2 Ke8 39. Kd3 Kd7 40. Ne5+ Kd6 41. Kd4 Nc7 42. f4 Nd5 43. Nd3 g5 44. b4 gxf4 45. gxf4 h5 46. h4 Nc7 47. Ne5 Nd5 48. Nd3 Nc7 49. Kc4 Nd5 50. Kb5 Nc3+ 51. Kb6 Kd5 52. Ne5 Kd6 53. b5 Nd5+ 54. Ka6 Kc7 55. Nc4 Kb8 56. b6 Nb4+ 57. Kb5 Nd5 58. Kc6 Nb4+ 59. Kd6 Nd5 60. Kxe6 Nxf4+ 61. Kxf5 Nd3 62. Kg5 Nc5 63. Kxh5 Kc8 64. Kg6 1-0

[Event "Foment Martinenc op-A 16th"]
[Site "Barcelona"]
[Date "2014.04.26"]
[Round "1"]
[White "Echarri Torres, Miguel"]
[Black "Gomez Jurado, Luis Alberto"]
[Result "0-1"]
[WhiteElo "2042"]
[BlackElo "2303"]
[PlyCount "86"]
[EventDate "2014.04.26"]
[EventType "swiss"]
[EventRounds "9"]
[EventCountry "ESP"]
[SourceTitle "EXT 2015"]
[Source "ChessBase"]
[SourceDate "2014.11.20"]
[SourceVersion "1"]
[SourceVersionDate "2014.11.20"]
[SourceQuality "1"]

1. e4 c6 2. d4 d5 3. exd5 cxd5 4. c4 Nf6 5. Nc3 Nc6 6. Nf3 Be6 7. c5 a6 8. Bg5 Ne4 9. Be3 g6 10. Bd3 f5 11. h4 h6 12. a3 Bg7 13. Ne2 0-0 14. Qc1 Kh7 15. Nf4 Bf7 16. h5 g5 17. Ng6 Bxg6 18. hxg6+ Kxg6 19. Qc2 e6 20. g4 Qf6 21. 0-0-0 b6 22. gxf5+ exf5 23. b4 bxc5 24. bxc5 Rfe8 25. Rdg1 f4 26. Nxg5 hxg5 27. f3 Nxd4 28. Bxd4 Qxd4 29. fxe4 Qe3+ 30. Qd2 Qxd2+ 31. Kxd2 dxe4 32. Bb1 Bd4 33. Re1 Be3+ 34. Rxe3 fxe3+ 35. Kxe3 Rac8 36. Bxe4+ Rxe4+ 37. Kxe4 Rxc5 38. Rb1 Rf5 39. Rb6+ Rf6 40. Rb8 Rf4+ 41. Ke5 Ra4 42. Rb6+ Kh5 43. Rb3 Kh4 0-1

[Event "Barcelona Tupinamba op 9th"]
[Site "Barcelona"]
[Date "2014.03.26"]
[Round "3"]
[White "Echarri Torres, Miguel"]
[Black "Colom Andres, Xavier"]
[Result "0-1"]
[WhiteElo "2163"]
[BlackElo "2052"]
[PlyCount "132"]
[EventDate "2014.03.12"]
[EventType "swiss"]
[EventRounds "9"]
[EventCountry "ESP"]
[SourceTitle "EXT 2016"]
[Source "ChessBase"]
[SourceDate "2015.10.08"]
[SourceVersion "1"]
[SourceVersionDate "2015.10.08"]
[SourceQuality "1"]

1. d4 d5 2. Nf3 Nf6 3. c4 c6 4. Nc3 dxc4 5. a4 Bf5 6. e3 e6 7. Bxc4 Bb4 8. 0-0 Nbd7 9. Qe2 Bg6 10. e4 0-0 11. Bd3 Qc7 12. Bg5 h6 13. Bh4 Nh5 14. Qc2 e5 15. Nd5 Qa5 16. Nxb4 Qxb4 17. dxe5 Nf4 18. Rfe1 Nxd3 19. Qxd3 Nb6 20. a5 Nd5 21. Qd4 Qxd4 22. Nxd4 Nf4 23. Re3 Rfe8 24. g3 Ne6 25. Nf5 Bxf5 26. exf5 Nd4 27. e6 fxe6 28. Rd3 Nxf5 29. f4 e5 30. Rad1 Nxh4 31. gxh4 exf4 32. Rd7 b6 33. Rb7 Rad8 34. Rxd8 Rxd8 35. axb6 axb6 36. Rxb6 Rd6 37. Rb4 Rd2 38. b3 Rb2 39. h5 Kf7 40. Rxf4+ Ke6 41. Rg4 Rxb3 42. Rxg7 Rf3 43. Rg6+ Rf6 44. h4 c5 45. Rg4 Ke5 46. Kg2 Rf5 47. Kg3 Rf6 48. Kg2 Rc6 49. Rc4 Kd5 50. Rc1 c4 51. Kf3 Re6 52. Rd1+ Kc5 53. Kf4 c3 54. Kf5 c2 55. Rc1 Re2 56. Kg6 Kd4 57. Kxh6 Rg2 58. Kh7 Kd3 59. h6 Kd2 60. Rxc2+ Kxc2 61. Kh8 Kd3 62. h5 Ke4 63. h7 Kf5 64. h6 Kg6 65. Kg8 Kxh6+ 66. Kh8 Ra2 0-1

[Event "Foment Martinenc op-A 15th"]
[Site "Barcelona"]
[Date "2013.05.25"]
[Round "6"]
[White "Echarri Torres, Miguel"]
[Black "Brusi Noguera, Ricardo Ll"]
[Result "1/2-1/2"]
[WhiteElo "2034"]
[BlackElo "2134"]
[PlyCount "52"]
[EventDate "2013.04.20"]
[EventType "swiss"]
[EventRounds "9"]
[EventCountry "ESP"]
[SourceTitle "CBM 154 Extra"]
[Source "ChessBase"]
[SourceDate "2013.06.25"]
[SourceVersion "2"]
[SourceVersionDate "2013.06.25"]
[SourceQuality "1"]

1. e4 Nf6 2. e5 Nd5 3. d4 d6 4. Nf3 Bg4 5. Be2 e6 6. 0-0 Be7 7. c4 Nb6 8. exd6 cxd6 9. Nc3 0-0 10. h3 Bh5 11. Be3 d5 12. c5 Bxf3 13. Bxf3 Nc4 14. Bc1 Nc6 15. b3 N4a5 16. Rb1 Bf6 17. Be3 b6 18. b4 bxc5 19. bxc5 Nc4 20. Qd3 Qa5 21. Rb5 Qa6 22. Rb3 N6a5 23. Rb4 Rab8 24. Rfb1 Rxb4 25. Rxb4 Nc6 26. Rb3 N6a5 1/2-1/2

[Event "Sant Adria de Besos op 08th"]
[Site "Sant Adria de Besos"]
[Date "2012.05.20"]
[Round "6"]
[White "Echarri Torres, Miguel"]
[Black "Fernandez Diaz, Cristian"]
[Result "0-1"]
[WhiteElo "2045"]
[BlackElo "2163"]
[PlyCount "80"]
[EventDate "2012.04.15"]
[EventType "swiss"]
[EventRounds "9"]
[EventCountry "ESP"]
[SourceTitle "CBM 148 Extra"]
[Source "ChessBase"]
[SourceDate "2012.06.22"]
[SourceVersion "1"]
[SourceVersionDate "2012.06.22"]
[SourceQuality "1"]

1. d4 f5 2. g3 Nf6 3. Nf3 e6 4. Bg2 d5 5. 0-0 Bd6 6. c4 c6 7. b3 Qe7 8. a4 Nbd7 9. Ba3 Bxa3 10. Nxa3 0-0 11. Nc2 a5 12. Nce1 dxc4 13. bxc4 e5 14. dxe5 Nxe5 15. Nxe5 Qxe5 16. Nf3 Qe7 17. Qb3 Ne4 18. Rfd1 Qb4 19. Qc2 Be6 20. Rab1 Qc3 21. Rdc1 Qxc2 22. Rxc2 Nc5 23. Nd4 Kf7 24. e3 Rfd8 25. Bf3 Rd7 26. Nb3 Nxa4 27. Ra1 Rd3 28. Nd4 Nc3 29. Rac1 Ne4 30. Rb2 Nc5 31. Be2 Ra7 32. Ra1 Rc3 33. Rc2 Rxc2 34. Nxc2 a4 35. Nd4 Ra8 36. Kf1 a3 37. Ra2 Ne4 38. Nc2 Nd2+ 39. Ke1 Nxc4 40. Nd4 Nd6 0-1

[Event "Barcelona Tancat-B 3rd"]
[Site "Barcelona"]
[Date "2011.11.12"]
[Round "7"]
[White "Echarri Torres, Miguel"]
[Black "Meza Martinez, Alcides Ivan"]
[Result "0-1"]
[WhiteElo "2075"]
[BlackElo "2154"]
[PlyCount "94"]
[EventDate "2011.10.01"]
[EventType "tourn"]
[EventRounds "9"]
[EventCountry "ESP"]
[SourceTitle "EXT 2013"]
[Source "ChessBase"]
[SourceDate "2012.11.22"]
[SourceVersion "1"]
[SourceVersionDate "2012.11.22"]
[SourceQuality "1"]

1. c4 Nf6 2. Nf3 c6 3. d4 d5 4. Qc2 e6 5. g3 Bd6 6. Bg2 0-0 7. 0-0 Nbd7 8. Nbd2 Re8 9. b3 e5 10. dxe5 Nxe5 11. cxd5 Nxd5 12. Bb2 Nb4 13. Qd1 Bg4 14. a3 Nd5 15. Qc2 Qe7 16. Rfe1 Rad8 17. Nd4 Bc7 18. h3 Bc8 19. e4 Nf6 20. f4 Ng6 21. Kh2 Nxf4 22. gxf4 Bxf4+ 23. Kg1 Bxd2 24. Qxd2 c5 25. e5 Nh5 26. Re4 cxd4 27. Bxd4 Ng3 28. Re3 Nf5 29. Rd3 Nxd4 30. Rxd4 Qc5 31. Rd1 Rxe5 32. Kh1 Rxd4 33. Qxd4 Qxd4 34. Rxd4 Re8 35. Rc4 g6 36. Rc7 b5 37. Bc6 Rf8 38. Bd5 Be6 39. Bxe6 fxe6 40. Rc6 Rf3 41. Kg2 Rxb3 42. Ra6 Kf7 43. h4 Kf6 44. Ra5 g5 45. Rxa7 h6 46. Ra6 Kf5 47. Ra5 e5 0-1

[Event "Barcelona Tancat-B 3rd"]
[Site "Barcelona"]
[Date "2011.10.08"]
[Round "2"]
[White "Echarri Torres, Miguel"]
[Black "Vazquez Moreno, Josep Maria"]
[Result "1/2-1/2"]
[WhiteElo "2075"]
[BlackElo "2107"]
[PlyCount "159"]
[EventDate "2011.10.01"]
[EventType "tourn"]
[EventRounds "9"]
[EventCountry "ESP"]
[SourceTitle "EXT 2013"]
[Source "ChessBase"]
[SourceDate "2012.11.22"]
[SourceVersion "1"]
[SourceVersionDate "2012.11.22"]
[SourceQuality "1"]

1. d4 d5 2. Nf3 Nf6 3. c4 dxc4 4. e3 Bg4 5. Bxc4 e6 6. 0-0 Nbd7 7. Nc3 Bb4 8. a3 Bxc3 9. bxc3 c5 10. Qe2 0-0 11. Rd1 Qc7 12. Bd3 e5 13. h3 Bh5 14. e4 Rfe8 15. d5 Bxf3 16. Qxf3 Red8 17. Bg5 h6 18. Bh4 g5 19. Bg3 c4 20. Bc2 Qd6 21. Qf5 Nh5 22. Bh2 Qf6 23. Qg4 Ng7 24. Rab1 b6 25. Ba4 Qd6 26. Bxd7 Qxd7 27. Qxd7 Rxd7 28. Bxe5 Re8 29. Bxg7 Kxg7 30. Rd4 Rc7 31. Rb4 Rec8 32. d6 Rc5 33. Rbxc4 Rxc4 34. Rxc4 Rd8 35. e5 f6 36. Rc7+ Kg6 37. exf6 Rxd6 38. f7 Kg7 39. Kf1 Re6 40. Rxa7 Rc6 41. Rb7 Rxc3 42. Rxb6 Rxa3 43. Rf6 Kf8 44. Rxh6 Kxf7 45. Rc6 Kg7 46. Ke2 Rb3 47. Rd6 Kh7 48. Rd3 Rb4 49. Kf3 Kg6 50. Re3 Rf4+ 51. Kg3 Rb4 52. f3 Kf5 53. Re8 Rc4 54. Rf8+ Kg6 55. f4 gxf4+ 56. Rxf4 Rc2 57. Rf2 Rc4 58. h4 Kh5 59. Rf5+ Kg6 60. Rf4 Rc2 61. Kh3 Rc3+ 62. Kg4 Rb3 63. Ra4 Rc3 64. Ra6+ Kh7 65. Rf6 Kg7 66. Rf4 Kg6 67. h5+ Kg7 68. Kh4 Rd3 69. g4 Rd5 70. Rf5 Rd7 71. Kg5 Ra7 72. h6+ Kh7 73. Kh5 Ra3 74. Rf7+ Kg8 75. Kg6 Ra6+ 76. Rf6 Ra8 77. h7+ Kh8 78. Rf7 Rb8 79. g5 Rb6+ 80. Kh5 1/2-1/2

[Event "Barcelona ASPE op 1st"]
[Site "Barcelona"]
[Date "2011.05.17"]
[Round "7"]
[White "Echarri Torres, Miguel"]
[Black "Plamenov Ribarov, Petar"]
[Result "0-1"]
[WhiteElo "2095"]
[BlackElo "1989"]
[PlyCount "94"]
[EventDate "2011.04.05"]
[EventType "swiss"]
[EventRounds "9"]
[EventCountry "ESP"]
[SourceTitle "CBM 142 Extra"]
[Source "ChessBase"]
[SourceDate "2011.06.27"]
[SourceVersion "1"]
[SourceVersionDate "2011.06.27"]
[SourceQuality "1"]

1. d4 Nf6 2. Nf3 d5 3. c4 c6 4. Qc2 Bg4 5. Ne5 e6 6. Nxg4 Nxg4 7. h3 Nf6 8. Bf4 Bd6 9. Bxd6 Qxd6 10. e3 0-0 11. Nc3 Nbd7 12. Bd3 dxc4 13. Bxc4 e5 14. Rd1 Qe7 15. 0-0 exd4 16. Rxd4 Ne5 17. Bb3 c5 18. Nd5 Nxd5 19. Rxd5 b6 20. Qf5 Rae8 21. Rfd1 a6 22. h4 c4 23. Bc2 g6 24. Qe4 b5 25. h5 Qf6 26. Qd4 Re6 27. hxg6 hxg6 28. b3 Kg7 29. f4 Ng4 30. f5 Qxd4 31. R1xd4 Re5 32. fxg6 Rxd5 33. Rxd5 Nxe3 34. Rd2 fxg6 35. Be4 Rf1+ 36. Kh2 c3 37. Re2 Ng4+ 38. Kg3 Ne5 39. Bb7 Kf6 40. Bxa6 b4 41. a3 Ra1 42. a4 Rxa4 43. Bb7 Ra5 44. Be4 Nd7 45. Rf2+ Kg5 46. Rf4 Nf6 47. Bd3 Nh5+ 0-1

[Event "Barcelona Sants op 11th"]
[Site "Barcelona"]
[Date "2009.07.19"]
[Round "7"]
[White "Valarezo Ricard, Pedro"]
[Black "Echarri Torres, Miguel"]
[Result "0-1"]
[WhiteElo "1945"]
[BlackElo "2139"]
[PlyCount "100"]
[EventDate "2009.07.13"]
[EventType "swiss"]
[EventRounds "9"]
[EventCountry "ESP"]
[SourceTitle "CBM 131 Extra"]
[Source "ChessBase"]
[SourceDate "2009.09.03"]
[SourceVersion "2"]
[SourceVersionDate "2009.09.16"]
[SourceQuality "1"]

1. d4 Nf6 2. c3 g6 3. Bf4 Bg7 4. Nf3 d6 5. Nbd2 c5 6. e3 0-0 7. Be2 b6 8. h3 Bb7 9. 0-0 Nbd7 10. Bh2 Rc8 11. Qa4 a6 12. Rfe1 b5 13. Qd1 Rc7 14. a3 Qa8 15. Bf1 Re8 16. Rc1 Rcc8 17. b4 cxb4 18. cxb4 Rxc1 19. Qxc1 Rc8 20. Qb2 Nb6 21. Rc1 Na4 22. Qa1 Nd5 23. Rxc8+ Qxc8 24. e4 Ndb6 25. e5 dxe5 26. Bxe5 Bd5 27. Bxg7 Kxg7 28. Ne5 Qc2 29. Ndf3 Nc3 30. Qe1 Bxf3 31. Nxf3 Nbd5 32. Qe5+ f6 33. Qe1 Qb2 34. Bd3 Qxa3 35. Be4 Qxb4 36. Bxd5 Nxd5 37. Qe6 Qd6 38. Qe2 b4 39. Nd2 Nc3 40. Qc4 Qxd4 41. Qe6 Qd6 42. Qe3 Qe5 43. Qd3 Qe1+ 44. Kh2 Qxf2 45. Qd7 Qf4+ 46. Kh1 Qd6 47. Qe8 b3 48. Nc4 Qe6 49. Nb6 b2 50. Nd7 b1Q+ 0-1